00500nam a2200193 a 450000100060000000300090000600800410001502000150005604000280007108200090009910000390010824500190014726000360016630000140020249000230021665000380023994200120027799900170028914803CO-ViMGA141112s2004 ck r 000 u spa d a9583004480 aCO-ViMGAbspacCO-ViMGA04aMARe1 aMartí, Jose (1853 - 1895)92149710aLa edad de oro aBtá, cPanAméricana, c1997 a124.p.il. aCajón de cuentos14aCUENTOS INFANTILES CUBANOS921498 2ddccBK c25294d25294